[Event "Challenge"]
[Site "http://www.queenalice.com/game.php?id=123946"]
[Date "2006.10.31"]
[Round "-"]
[White "Felipvaz"]
[Black "VypeR"]
[Result "0-1"]
[WhiteElo "1289"]
[BlackElo "1643"]

1. d4 d5 2. Bd2 Nc6 3. Bg5 h6 4. Bf4 Nf6 5. Nc3 Bf5 6. Qd2 Nb4 7. e4 Nxe4 8.
Nxe4 e6 9. Nc5 Nxc2+ 10. Kd1 Nxa1 11. Nxb7 Qb8 12. Na5 Bb4 13. Qc2 Nxc2 14. Bb5+
Qxb5 15. Nb7 Qf1# 0-1

[Event "nao adianta vc nao ganha de mim!"]
[Site "http://www.queenalice.com/game.php?id=127022"]
[Date "2006.11.8"]
[Round "-"]
[White "Felipvaz"]
[Black "Pampuche"]
[Result "0-1"]
[WhiteElo "1329"]
[BlackElo "1364"]

1. d4 d5 2. e3 Nc6 3. Nf3 Be6 4. Qd3 Nf6 5. Ne5 Nb4 6. Qb5+ Nc6 7. Nxc6 bxc6 8.
Qb7 g6 9. Qxc6+ Bd7 10. Qc5 Bg7 11. Bb5 Rb8 12. Bxd7+ Qxd7 13. Qxa7 Rc8 14. O-O
Qd6 15. Qa4+ c6 16. Nc3 Ng4 17. Qa6 Qxh2# 0-1

[Event "Ø§Ù„Ø§Ù†ØªØ®Ø§Ø¨Ø§Øª Ø§Ù„Ù†ÙŠØ§Ø"]
[Site "http://www.queenalice.com/game.php?id=133101"]
[Date "2006.11.24"]
[Round "-"]
[White "Felipvaz"]
[Black "Pampuche"]
[Result "1-0"]
[WhiteElo "1313"]
[BlackElo "1387"]

1. d4 d5 2. Nc3 Nc6 3. e3 Be6 4. Na4 a6 5. Nc5 b6 6. Nb7 Qb8 7. Na5 bxa5 8. Nf3
Bg4 9. h3 Bf5 10. Bd3 Bxd3 11. cxd3 Qb4+ 12. Nd2 e5 13. dxe5 Nxe5 14. a3 Nxd3+
15. Ke2 Qc5 16. Qc2 Qd6 17. Qxd3 g6 18. Nb3 a4 19. Na5 Bh6 20. Nb7 Qb6 21. Qxd5
c6 22. Qe5+ Kf8 23. Qxh8 Qxb7 24. Qxh7 Bg7 25. Rb1 Nf6 26. Qh4 Nd5 27. Qxa4 Nb6
28. f3 a5 29. Qe4 1-0

[Event "IESDE"]
[Site "http://www.queenalice.com/game.php?id=141588"]
[Date "2006.12.14"]
[Round "1"]
[White "ThEZeUs"]
[Black "Felipvaz"]
[Result "0-1"]
[WhiteElo "1179"]
[BlackElo "1328"]

1. d4 d5 2. Nc3 e6 3. Be3 f6 4. Qd3 a6 5. Nh3 Nc6 6. g3 Nb4 7. Qd1 Nh6 8. a3 Ng4
9. axb4 Nxe3 10. fxe3 b6 11. b5 h6 12. bxa6 g5 13. a7 c6 14. Qb1 Bd7 15. Na4 b5
16. Nb6 Qxb6 17. Qa2 Bb4+ 18. c3 Bd6 19. Bg2 e5 20. Bf3 e4 21. Bh5+ Ke7 22. Nf2
Rhg8 23. b4 g4 24. h4 Bxg3 25. O-O Bxh4 26. Qb2 Rg5 27. Bxg4 Bxg4 28. Ra3 Bxe2+
29. Kh2 Qc7+ 30. Kh1 Bf3# 0-1

[Event "Challenge"]
[Site "http://www.queenalice.com/game.php?id=143246"]
[Date "2006.12.18"]
[Round "-"]
[White "Pampuche"]
[Black "Felipvaz"]
[Result "1-0"]
[WhiteElo "1363"]
[BlackElo "1350"]

1. d4 d5 2. Nc3 Bf5 3. f3 e6 4. g4 Qh4+ 5. Kd2 Bg6 6. Qe1 Qg5+ 7. e3 Be7 8. Nh3
Qh4 9. Qe2 Nh6 10. Qb5+ Nd7 11. Qxb7 Rd8 12. Qxc7 O-O 13. a3 Nb6 14. Qxa7 Nc4+
15. Bxc4 dxc4 16. Nf4 Qf2+ 17. Nce2 Qh4 18. Ng2 Qg5 19. b4 Nxg4 20. fxg4 Be4 21.
Rg1 e5 22. Kc3 Rc8 23. Kd2 Rfe8 24. h4 Qg6 25. g5 f6 26. b5 fxg5 27. hxg5 Qxg5
28. b6 Bxg2 29. b7 Rcd8 30. Kc3 Bd5 31. Rxg5 Bf3 32. Ng3 Bxg5 33. Rb1 Bf6 34.
b8=Q exd4+ 35. Kxc4 Bd5+ 36. Kb5 Rxb8+ 37. Kc5 Rxb1 38. Nf5 Be6 39. Nd6 Be7 40.
Bd2 Rc8+ 41. Kxd4 Bxd6 42. Qa6 Rd8 43. c4 Bc8 44. Qa5 Rb2 45. Qxd8+ Kf7 46. Bc3
Rb3 47. Qxc8 Rxa3 48. Qf5+ Ke7 49. Be1 g6 50. Bh4+ Ke8 51. Qe6+ Kf8 52. Qxd6+
Ke8 53. Qe7# 1-0

[Event "Challenge"]
[Site "http://www.queenalice.com/game.php?id=143469"]
[Date "2006.12.19"]
[Round "-"]
[White "alessandro_boladao"]
[Black "Felipvaz"]
[Result "0-1"]
[WhiteElo "1424"]
[BlackElo "1333"]

1. e4 d5 2. exd5 Qxd5 3. Nc3 Qe5+ 4. Be2 Nf6 5. Nf3 Qc5 6. d4 Qf5 7. Nh4 Qa5 8.
b4 Qh5 9. Bxh5 Nxh5 10. Qxh5 Nc6 11. Nf3 Nxb4 12. Ne5 Nxc2+ 13. Kd1 Nxa1 14.
Qxf7+ Kd8 15. Nd5 Bg4+ 16. Nxg4 Kd7 17. Bg5 Re8 18. Nxe7 Bxe7 0-1

[Event "IESDE"]
[Site "http://www.queenalice.com/game.php?id=147441"]
[Date "2006.12.28"]
[Round "2"]
[White "Pampuche"]
[Black "Felipvaz"]
[Result "1-0"]
[WhiteElo "1366"]
[BlackElo "1362"]

1. d4 d5 2. Nc3 Bf5 3. h3 Nc6 4. Be3 Nf6 5. g4 Bg6 6. f4 Ne4 7. Nb1 Ng3 8. f5
Nxh1 9. Bf4 e6 10. Bg2 Bb4+ 11. c3 O-O 12. Bxh1 Qh4+ 13. Kf1 a5 14. cxb4 axb4
15. fxg6 Qf6 16. e3 hxg6 17. a3 g5 18. Qe2 gxf4 19. exf4 Nxd4 20. Qf2 bxa3 21.
bxa3 e5 22. Nd2 exf4 23. Rd1 Rxa3 24. Ngf3 Qa6+ 25. Kg1 c5 26. Re1 Rd3 27. Ng5
Qa5 28. Qh4 Qxd2 29. Qh7# 1-0

[Event "IESDE"]
[Site "http://www.queenalice.com/game.php?id=172132"]
[Date "2007.2.21"]
[Round "3"]
[White "Felipvaz"]
[Black "maurojk"]
[Result "0-1"]
[WhiteElo "1346"]
[BlackElo "1413"]

1. d4 d5 2. Nc3 e6 3. e4 h6 4. Nf3 a6 5. Be2 Nc6 6. Ne5 Nxe5 7. dxe5 dxe4 8.
Qxd8+ Kxd8 9. Nxe4 Ne7 10. O-O Ng6 11. Rd1+ Bd7 12. Bc4 Nxe5 13. Bb3 Ke8 14. Bf4
Bd6 15. Re1 Bb4 16. Bxe5 Bxe1 17. Rxe1 Bc6 18. Bxg7 Rh7 19. Nf6+ Ke7 20. Nxh7
Rg8 21. Bf6+ Kd7 22. Rd1+ Kc8 23. g3 Bf3 24. Rd3 Be4 25. Rc3 Bxh7 26. Be5 c6 27.
a4 Rg5 28. Bf4 Rd5 29. Bxh6 Be4 30. h4 Rd1+ 31. Kh2 Rh1# 0-1

[Event "Vc pode "pensar" que e bom, mas "]
[Site "http://www.queenalice.com/game.php?id=177503"]
[Date "2007.3.5"]
[Round "-"]
[White "Felipvaz"]
[Black "z3r0vulc4n"]
[Result "0-1"]
[WhiteElo "1333"]
[BlackElo "1499"]

1. d4 d5 2. Nc3 e6 3. e4 dxe4 4. Nxe4 Nc6 5. Bg5 f6 6. Be3 Nb4 7. Bd2 Qxd4 8. c3
Nd3+ 9. Ke2 Qxe4+ 10. Be3 Nxb2 11. Qd2 Qc4+ 12. Ke1 Qe4 13. Qd4 Qc6 14. Bc1 Na4
15. Bc4 Bc5 16. Qg4 g5 17. Be3 Nxc3 18. Qh5+ Kf8 19. Rc1 Nxa2 20. Bxa2 Bb4+ 21.
Kf1 Qe4 22. Rd1 b6 23. Rd4 Ba6+ 24. Ne2 Qc2 25. g3 Qxa2 26. Rd7 e5 27. Kg2 Bb7+
28. f3 Bc6 29. Rf7+ Qxf7 30. Qxf7+ Kxf7 31. Nc1 e4 32. fxe4 Bxe4+ 33. Kg1 Bxh1
34. Nd3 Bc5 35. Nxc5 bxc5 36. Kxh1 a5 37. Bxc5 a4 38. Kg2 a3 39. Bd4 a2 40. Ba1
c5 41. Kf2 Nh6 42. h3 Rhc8 43. Ke3 Rd8 44. h4 gxh4 45. gxh4 Nf5+ 46. Kf4 Nxh4
47. Kg4 Ra4+ 48. Kh5 Rd5+ 49. Kh6 Rg5 50. Bxf6 Kxf6 51. Kxh7 Ra7+ 52. Kh8 Ng6+
53. Kg8 Ne5+ 54. Kh8 Rh5+ 55. Kg8 Rg7+ 56. Kf8 Rh8# 0-1

[Event "quem tem mas vitorias???"]
[Site "http://www.queenalice.com/game.php?id=177525"]
[Date "2007.3.5"]
[Round "-"]
[White "Felipvaz"]
[Black "Pampuche"]
[Result "1-0"]
[WhiteElo "1324"]
[BlackElo "1387"]

1. Nc3 e5 2. e3 f5 3. b3 Nf6 4. d4 e4 5. Nh3 Bb4 6. Bd2 d5 7. a3 Bd6 8. f3 c6 9.
Na4 b5 10. Nc3 c5 11. Nxb5 a6 12. Nc3 Nc6 13. b4 cxb4 14. axb4 Nxb4 15. Na4 exf3
16. gxf3 Qe7 17. Nb6 Bb7 18. c3 Nd3+ 19. Bxd3 f4 20. Kf2 Rb8 21. Bxa6 Bc6 22.
Qb1 Bc7 23. Qb4 Qe6 24. Nxf4 Qf5 25. Qc5 Bxb6 26. Qxc6+ Kf8 27. Qd6+ Kf7 28.
Rhb1 Ba7 29. Qc7+ Qd7 30. Qxd7+ Nxd7 31. Nxd5 Rhe8 32. c4 Rec8 33. Bb5 Bb6 34.
Bxd7 Rxc4 35. Nxb6 Rc2 36. Ke1 Rd8 37. Bf5 g6 38. Bxc2 Rd6 39. Bb3+ Kf6 40. Ba5
Re6 41. Bxe6 Kxe6 42. e4 1-0

[Event "Challenge"]
[Site "http://www.queenalice.com/game.php?id=192170"]
[Date "2007.4.5"]
[Round "-"]
[White "Felipvaz"]
[Black "maurojk"]
[Result "1-0"]
[WhiteElo "1332"]
[BlackElo "1457"]

1. d4 d5 2. Nf3 e6 3. e4 Ne7 4. Be2 Nec6 5. Ne5 Nxe5 6. dxe5 dxe4 7. Qxd8+ Kxd8
8. O-O Nc6 9. Rd1+ Bd7 10. Nc3 Nxe5 11. Nxe4 Be7 12. Bg5 f6 13. Bf4 f5 14. Bxe5
fxe4 15. Bxg7 Rg8 16. Bh6 a5 17. Rd4 Ra6 18. Bxa6 bxa6 19. Rad1 Bd6 20. g3 e5
21. Rxe4 Rg6 22. Bd2 Bc5 23. Be3 Bb6 24. Rxe5 Rf6 25. Bg5 Bxf2+ 26. Kf1 Bd4+ 27.
Bxf6+ Kc8 28. Rxd4 Bb5+ 29. c4 1-0

[Event "Challenge"]
[Site "http://www.queenalice.com/game.php?id=192506"]
[Date "2007.4.5"]
[Round "-"]
[White "Felipvaz"]
[Black "z3r0vulc4n"]
[Result "0-1"]
[WhiteElo "1343"]
[BlackElo "1509"]

1. e3 e5 2. d4 exd4 3. Qxd4 Nc6 4. Qe4+ Be7 5. Nf3 Nf6 6. Qf5 d5 7. Qg5 Ne4 8.
Qxg7 Bf6 9. Qh6 Nb4 10. Na3 a5 11. Nd2 Nxd2 12. Bxd2 c6 13. Kd1 Bxb2 14. Rb1
Bxa3 15. Rb3 Nxc2 16. Kxc2 Bf8 17. Qf4 h6 18. Qd4 f6 19. Ra3 a4 20. Rxa4 Rxa4
21. Qxa4 Bg7 22. Ba5 Qe7 23. Bd3 O-O 24. Bb4 c5 25. Bc3 c4 26. Be2 Qe4+ 27. Bd3
Qxd3+ 28. Kb2 f5 29. Rd1 Qxc3+ 30. Kb1 f4 31. exf4 Bf5+ 0-1

[Event "da uma chance ae!!!!"]
[Site "http://www.queenalice.com/game.php?id=204105"]
[Date "2007.4.29"]
[Round "-"]
[White "Felipvaz"]
[Black "z3r0vulc4n"]
[Result "1-0"]
[WhiteElo "1342"]
[BlackElo "1518"]

1. d4 e6 2. Nf3 Nc6 3. Bd2 Nf6 4. Bg5 h6 5. Bxf6 Qxf6 6. Ne5 Nxe5 7. dxe5 Qxe5
8. e3 Qxb2 9. Nd2 Qc3 10. Rb1 a5 11. Rb3 Qe5 12. Rb5 d5 13. Nb3 b6 14. Qd4 Qf5
15. Qa4 Qxc2 16. Rxa5+ Kd8 17. Rxa8 Qc3+ 18. Ke2 Qc2+ 19. Kf3 Bd6 20. Ba6 Qf5+
21. Ke2 Qc2+ 22. Kf3 Qe4+ 23. Qxe4 dxe4+ 24. Kxe4 Kd7 25. Rd1 f5+ 26. Kf3 Rd8
27. Rxc8 Rxc8 28. Bxc8+ Kxc8 29. Rxd6 cxd6 30. Nd4 Kd7 31. e4 fxe4+ 32. Kxe4 d5+
33. Ke5 g5 34. Nxe6 Kc6 35. Nd4+ Kc5 36. Nf5 d4 37. Ke4 Kb4 38. Nxd4 Ka3 39. Kf5
Kxa2 40. g4 Ka3 41. Kg6 Kb4 42. Kxh6 Kc5 43. Ne6+ Kd6 44. Nxg5 b5 45. Ne4+ Kd5
46. Nc3+ Kc5 47. Nxb5 Kxb5 48. g5 1-0

[Event "Ã© gurizÃ£o!!! realmente eu sou "]
[Site "http://www.queenalice.com/game.php?id=205295"]
[Date "2007.5.2"]
[Round "-"]
[White "Felipvaz"]
[Black "Pampuche"]
[Result "0-1"]
[WhiteElo "1371"]
[BlackElo "1376"]

1. d3 d5 2. Qd2 e6 3. e4 Nc6 4. exd5 Qxd5 5. Nc3 Qd6 6. a4 a5 7. Nb5 Qd7 8. Qg5
Nge7 9. Bf4 f6 10. Qg4 f5 11. Nxc7+ Kd8 12. Nxa8 fxg4 13. Nb6 Qd4 14. Nxc8 Kxc8
15. Be3 Qxb2 16. Rc1 Nb4 17. c3 Nc2+ 18. Kd2 Na3+ 19. Kd1 Nd5 20. Bd4 Qb3+ 21.
Ke1 Nc2+ 22. Rxc2 Qxc2 23. c4 Bb4+ 24. Bc3 Bxc3# 0-1

[Event "Challenge"]
[Site "http://www.queenalice.com/game.php?id=209319"]
[Date "2007.5.11"]
[Round "-"]
[White "maurojk"]
[Black "Felipvaz"]
[Result "1-0"]
[WhiteElo "1432"]
[BlackElo "1353"]

1. e4 d6 2. d4 e5 3. c3 exd4 4. cxd4 Nc6 5. Nf3 Nf6 6. Bg5 Qe7 7. Nc3 Nxe4 8.
Bxe7 Bxe7 9. Nxe4 Bf5 10. Bd3 Ne5 11. dxe5 dxe5 12. Nxe5 Rd8 13. Qa4+ c6 14. O-O
Rxd3 15. Nxd3 O-O 16. Ne5 b5 17. Qd4 a6 18. Nxc6 Bf6 19. Nxf6+ gxf6 20. Qxf6 Re8
21. Ne7+ Kf8 22. Nxf5 Re2 23. Qh8# 1-0